<?xml version="1.0" encoding="UTF-8"?>
<record
    xmlns:xsi="http://www.w3.org/2001/XMLSchema-instance"
    xsi:schemaLocation="http://www.loc.gov/MARC21/slim http://www.loc.gov/standards/marcxml/schema/MARC21slim.xsd"
    xmlns="http://www.loc.gov/MARC21/slim">

  <leader>00950nam a2200241 a 4500</leader>
  <controlfield tag="001">BRL_1396</controlfield>
  <controlfield tag="005">20190320211201.0</controlfield>
  <controlfield tag="008">100114s1991----mx-ao#####---#000-0#eng-#</controlfield>
  <datafield tag="041" ind1=" " ind2=" ">
    <subfield code="a">eng</subfield>
  </datafield>
  <datafield tag="044" ind1=" " ind2=" ">
    <subfield code="a">mx</subfield>
  </datafield>
  <datafield tag="050" ind1=" " ind2="4">
    <subfield code="a">F1435.3.T48</subfield>
    <subfield code="b">.M67 1991</subfield>
  </datafield>
  <datafield tag="100" ind1="1" ind2=" ">
    <subfield code="a">Morris, Walter F.</subfield>
    <subfield code="9">26768</subfield>
  </datafield>
  <datafield tag="245" ind1="1" ind2="0">
    <subfield code="a">A millennium of weaving in Chiapas</subfield>
    <subfield code="b">an introduction to the Pellizzi collection of Chiapas textiles</subfield>
    <subfield code="c">Walter F. Morris.</subfield>
  </datafield>
  <datafield tag="260" ind1=" " ind2=" ">
    <subfield code="a">[Chiapas]</subfield>
    <subfield code="b">Gobierno del Estado de Chiapas ; Consejo Estatal para el Fomento ala Investigaci&#xF3;n y Difusi&#xF3;n de la cultura ; DIF-Chiapas ; Casa de Artesan&#xED;as de Chiapas</subfield>
    <subfield code="c">1991</subfield>
  </datafield>
  <datafield tag="300" ind1=" " ind2=" ">
    <subfield code="a">56 p.</subfield>
    <subfield code="b">il., fotograf&#xED;as</subfield>
    <subfield code="c">23 cm.</subfield>
  </datafield>
  <datafield tag="500" ind1=" " ind2=" ">
    <subfield code="a">Au1636</subfield>
  </datafield>
  <datafield tag="600" ind1="1" ind2="4">
    <subfield code="a">Pellizzi, Francesco</subfield>
    <subfield code="d">1940-</subfield>
    <subfield code="v">Colecci&#xF3;n etnol&#xF3;gica</subfield>
    <subfield code="9">26769</subfield>
  </datafield>
  <datafield tag="650" ind1="1" ind2="4">
    <subfield code="a">Mayas</subfield>
    <subfield code="v">Esposiciones</subfield>
    <subfield code="x">Telas</subfield>
    <subfield code="9">26770</subfield>
  </datafield>
  <datafield tag="650" ind1="1" ind2="4">
    <subfield code="a">Mayas</subfield>
    <subfield code="v">Esposiciones</subfield>
    <subfield code="x">Textiles</subfield>
    <subfield code="9">26771</subfield>
  </datafield>
  <datafield tag="650" ind1="1" ind2="4">
    <subfield code="a">Tejedur&#xED;a</subfield>
    <subfield code="v">Esposiciones</subfield>
    <subfield code="z">Chiapas</subfield>
    <subfield code="9">26772</subfield>
  </datafield>
  <datafield tag="902" ind1=" " ind2=" ">
    <subfield code="a">GRL</subfield>
  </datafield>
  <datafield tag="942" ind1=" " ind2=" ">
    <subfield code="2">lcc</subfield>
    <subfield code="c">B</subfield>
  </datafield>
  <datafield tag="999" ind1=" " ind2=" ">
    <subfield code="c">10207</subfield>
    <subfield code="d">10207</subfield>
  </datafield>
  <datafield tag="952" ind1=" " ind2=" ">
    <subfield code="0">0</subfield>
    <subfield code="1">0</subfield>
    <subfield code="4">0</subfield>
    <subfield code="7">0</subfield>
    <subfield code="a">BRL</subfield>
    <subfield code="b">BRL</subfield>
    <subfield code="d">2014-01-10</subfield>
    <subfield code="i">Au1636</subfield>
    <subfield code="l">0</subfield>
    <subfield code="o">F1435.3.T48 .M67 1991 (Au1636)</subfield>
    <subfield code="p">GRL01554</subfield>
    <subfield code="r">2019-03-22 00:00:00</subfield>
    <subfield code="w">2019-03-22</subfield>
    <subfield code="y">B</subfield>
  </datafield>
</record>
